000 01782cam a22004574i 4500
003 PE-LiUPU
005 20250731172910.0
008 150617s r 000 0 d
035 _a(Sirsi) a16813
035 _a(Sirsi) a16813
040 _aPE-LiUPU
_bspa
_cPE-LiUPU
_erda
049 _aPRUA
082 0 4 _a203
_bK74
_221
100 1 _aKönig, Franz,
_eautor.
245 1 0 _aDiccionario de las religiones /
_cFranz K.
264 1 _aBarcelona :
_bEdiciones Herder,
_c1964.
300 _a1483 páginas ;
_c22 cm.
336 _atext
_2rdacontent
337 _aunmediated
_2rdamedia
338 _avolume
_2rdacarrier
505 0 _aColaboradores. -Prólogo. -Instrucciones para el manejo de este diccionario. -Abreviaturas. -Indice de artículos y remisiones. -Las religiones de la india (mapa). -Las religiones de Asia (mapa). -Cuerpo de artículos. -Cuadro estadístico religioso. -Mapa de religiones. -Difusión de las Iglesias Orientales.
526 _aSEG42
526 _aSEG41
526 _aSEG40
526 _aSEG39
526 _aP94
526 _aP87
526 _aP86
526 _aP85
526 _aP77
526 _aP76
526 _aP35
650 0 4 _aReligiones
_vDiccionarios.
910 _ajck
_bjvq
_cjck
_d20150616
942 _2ddc
_cBOOK
949 _a203 K74
_wDEWEY
_c1
_i12498
_lRC
_mBUL
_r0
_sY
_tBOOK
_u2015-6-17
_xTEOLOGIA
_PP35
_0COMPRA
_o.CIRCNOTE. No olvidar cambiar la fecha de devolución!!!!!!!
_o.STAFF. Colección General
994 _aC0
_bPEPRU
596 _a1
999 _a203 K74
_wDEWEY
_c16324
_i12498
_f2021-11-8
_g6
_lCCODEBUL1
_mBUL
_r1
_sY
_tBOOK
_u2015-6-17
_xTEOLOGIA
_PP35
_0COMPRA
_o.CIRCNOTE. No olvidar cambiar la fecha de devolución!!!!!!!
_o.STAFF. Colección General
_d16324
980 _81
_gALBERTO SANCHEZ Responsable de Automatización